000 002360000a22000970004500
100 1 _aAlbiac, María Dolores
245 1 0 _aHasta luego a las armas
300 _aVol. 11, Núm 11 (1993), Páginas 47-48
773 0 _tCambio 16
942 _cANA
999 _c58506
_d58506